LIBRARY & INFORMATION CENTRE, KCAET, TAVANUR

ONLINE PUBLIC ACCESS CATALOGUE (OPAC)

Tagornte kathatnangal / (Record no. 12031)

MARC details
000 -LEADER
fixed length control field 00352cam a2200133ua 4500
003 - CONTROL NUMBER IDENTIFIER
control field OSt
008 - FIXED-LENGTH DATA ELEMENTS--GENERAL INFORMATION
fixed length control field 191019b ||||| |||| 00| 0 eng d
082 ## - DEWEY DECIMAL CLASSIFICATION NUMBER
Classification number 894.812301
Item number SHA/TA
100 ## - MAIN ENTRY--AUTHOR NAME
Personal name Sharma, R.C .
245 ## - TITLE STATEMENT
Title Tagornte kathatnangal /
260 ## - PUBLICATION, DISTRIBUTION, ETC. (IMPRINT)
Place of publication :
Name of publisher Sahitya Pravarthaka Co-operative Society ,
Year of publication 1961.
300 ## - PHYSICAL DESCRIPTION
Number of Pages 567 ; .
942 ## - ADDED ENTRY ELEMENTS (KOHA)
Koha item type Books
Holdings
Withdrawn status Lost status Damaged status Home library Current library Date acquired Cost, normal purchase price Full call number Accession Number Koha item type
Withdrawn     KAUAET KAUAET 07/04/2012 8.00 894.812301 7 Books
free website counter